00486nam a2200181Ia 4500999001500000003000400015005001700019008004100036020001500077040000900092082002000101100002200121245004700143260004400190300000900234650001500243942004600258 c5627d5627OSt20200124104304.0190216s9999||||xx |||||||||||||| ||und|| a8172243421 coclc a658.4012bMOL/S aMolz, Rick 91492 0aSteps To Strategic Management /cRick Molz bJaico Publishing House,c1988.aBombay: a184p aManagement cBK2ddch658.4012iMOL/Sk658.4012mMOL/S